| 000 | 00686nam a22002171 4500 | ||
|---|---|---|---|
| 001 | 140743 | ||
| 003 | ES-MaACL | ||
| 005 | 20230906200138.0 | ||
| 007 | t| | ||
| 008 | 070917s1972 sp ||||0| spa d | ||
| 016 | 7 | _zIND2000945125 | |
| 040 |
_aM-BN _bspa _cCDM |
||
| 080 | _a725.4.011.1 | ||
| 100 | 1 |
_aWild, Friedmann. _9116817 |
|
| 245 | 1 | 0 |
_aEdificios para la industria / _cFriedmann Wild ; [versión española de José Manuel Oliva Hernández]. |
| 260 |
_aBarcelona : _bGustavo Gili, _c[1972] |
||
| 300 |
_a134 p. : _bil ; _c26 cm. |
||
| 650 |
_aEdificios industriales. _912056 |
||
| 700 | 1 |
_aOliva Hernández, José Manuel. _986738 |
|
| 852 |
_aES-MaACL _jC-47748 _bR.84496 |
||
| 999 |
_c140743 _d140743 |
||